| 000 | 00718nam a22002297a 4500 | ||
|---|---|---|---|
| 008 | 150527b xxu||||| |||| 00| 0 eng d | ||
| 020 | _a9789280810912 | ||
| 041 | 0 | _aeng | |
| 080 | _a 339.9 | ||
| 100 | _aShorrocks, Anthony | ||
| 245 | 0 | 0 |
_aPerspectives on growth and poverty / _cedited by Rolph van der Hoeven and Anthony Shorrocks. |
| 260 |
_aNew York : _bUnited Nations University Press, _cc2003. |
||
| 300 |
_a302 f. : _bMe il. : _c24 cm. |
||
| 500 | _aPreface: f: [XIX-XXVI] | ||
| 505 | _aIndex : f: [296-302] | ||
| 650 | 0 | _azhvillimi ekonomik. | |
| 650 | 0 | _aVendet e zhvilluara. | |
| 650 | 0 | _aEdukimi dhe shteti. | |
| 700 | 1 | _aHoeven, Rolph van der. | |
| 700 | 1 | _aShorrocks, Anthony F. | |
| 942 |
_2udc _cBK |
||
| 999 |
_c907 _d907 |
||